Жизнь и приключения Заморыша: Повести; Для среднего и старшего школьного возраста

Detalhes bibliográficos
Autor principal: Василенко И. Д. Иван Дмитриевич
Outros Autores: Вторенко В. В. (иллюстратор)
Idioma:russo
Publicado em: Ростов-на-Дону, Ростовское книжное изд-во, 1988
Assuntos:
Formato: Livro
KOHA link:https://koha.lib.tpu.ru/cgi-bin/koha/opac-detail.pl?biblionumber=134550

MARC

LEADER 00000nam0a2200000 4500
001 134550
005 20231031135720.0
020 |a RU  |b 88-33057 
035 |a (RuTPU)RU\TPU\book\145853 
090 |a 134550 
100 |a 20080401d1988 d y0rusy5003 ca 
101 0 |a rus 
102 |a RU 
105 |a a z 000ay 
200 1 |a Жизнь и приключения Заморыша  |e Повести   |e Для среднего и старшего школьного возраста  |f И. Д. Василенко  |g худож. В. В. Вторенко 
210 |a Ростов-на-Дону  |c Ростовское книжное изд-во  |d 1988 
215 |a 512 с.  |c ил.  |d 21 см 
610 1 |a Дети в России 
610 1 |a Молодежь в России 
610 1 |a Россия, 19 в. 
610 1 |a детская литература 
675 |a Р2  |z rus 
700 1 |a Василенко  |b И. Д.  |g Иван Дмитриевич  |4 070 
702 1 |a Вторенко  |b В. В.  |4 440 
801 0 |a RU  |b RuMRKP  |c 19950417  |g psbo 
801 1 |a RU  |b 63413507  |c 20080401  |g PSBO 
801 2 |a RU  |b 63413507  |c 20080401  |g PSBO 
942 |c BK